1927 1635 1844 1566 1812 1209 1299 1599 1663 1419 1260 1657 1744 1594 1353 1785 1534 1678 1068 1376 1414 1795 1311 1260 1994 1515 1492 1634 1701 1777 1524 1334 1980 1435 1256 1929 1395 1382 1115 1681 1322 1363 1368 1049 1224 1122 1386 1807 1469 1414 1051 1394 1064 1153 1419 1289 1030 1556 1650 1468 1431 1623 1047 1183 1670 1242 1940 1168 1413 1184 1155 1574 1126 1585 1735 1650 1643 1984 1702 1208 1765 1093 1087 1709 1583 1332 1367 1925 1036 1269 1562 1938 1191 1896 1088 1265 1554 1558 1621 BCNSPRNW ULIB Ver.6.0+V

เปลี่ยนเป็นภาษาไทย

Change to English
 แสดงรายละเอียดบรรณานุกรม
  กลับหน้าหลัก

Brief Record : Get Marc (ISO 2709) : E-mail record : QR code < ปิดหน้าต่าง
LEADER : 00000nam 2200000uu 4500
001    13399122445
003     ULIB
008    130612s2555||||th 000 0 tha d
020    ^a9786167047126
060 04 ^aWF145^bท116ก
100 1  ^aทนันชัย บุญบูรพงศ์
245 10 ^aการบำบัดระบบหายใจในเวชปฏิบัติ =^bRespiratory care in clinical practice /^cทนันชัย บุญบูรพงศ์
246 31 ^aRespiratory care in clinical practice
250    ^aพิมพ์ครั้งที่ 3
260    ^aกรุงเทพฯ :^bภาควิชาวิสัญญีวิทยา คณะแพทยศาสตร์โรงพยาบาลรามาธิบดี. มหาวิทยาลัยมหิดล,^c2555
300    ^a590 หน้า. :^bภาพประกอบ ;^c26 ซม.
500    ^aเรียบเรียงครั้งที่ 3 มกราคม 2555
650  4 ^aระบบหายใจ
650  4 ^aระบบหายใจ^xการรักษา
710 2  ^aมหาวิทยาลัยมหิดล. ^bคณะแพทยศาสตร์โรงพยาบาลรามาธิบดี.
945    ^p500^l0^i19926
945    ^p500^l0^i19927
995    ^aทศพร
999    ^aทศพร
รายการนี้ยังไม่มีแท็ก
คุณยังไม่ได้ล็อกอิน คุณสามารถมีกิจกรรมร่วมกับเว็บไซต์ได้ แต่ต้องล็อกอินก่อน ::
  ล็อกอิน

รายการสื่อสารสนเทศ

ลำดับที่ ประเภท เลขเรียก/บาร์โค้ด สถานที่ สถานะ
1. วิทยาศาสตร์การแพทย์ และสุขภาพ
วิทยาศาสตร์การแพทย์ และสุขภาพ
สถานะ=หนังสือเก่า
WF145 ท116ก ฉ.1 
  Barcode: 19926
ห้องสมุดวิทยาเขตนครสวรรค์
►ส่วนจัดเก็บหนังสือเก่า นว.
บนชั้น
  ขอยืม
2. วิทยาศาสตร์การแพทย์ และสุขภาพ
วิทยาศาสตร์การแพทย์ และสุขภาพ
สถานะ=หนังสือเก่า
WF145 ท116ก ฉ.2 
  Barcode: 19927
ห้องสมุดวิทยาเขตนครสวรรค์
►ส่วนจัดเก็บหนังสือเก่า นว.
บนชั้น
  ขอยืม

รายการใกล้เคียง
    ผู้แต่ง [ทนันชัย บุญบูรพงศ์]

    หัวเรื่อง [ระบบหายใจ]

BibComment


ยังไม่เคยถูกคอมเมนท์

คอมเมนท์ทรัพยากรรายการนี้
  คอมเมนท์: การบำบัดระบบหายใ..


 Copyright 2026. Bcnsprnw @Library